2026 FIFA World Cup Host Cities - Statistics

General Stats
  • This quiz has been taken 101 times
  • The average score is 14 of 16
Answer Stats
Answer % Correct
Estadio Azteca Mexico City
100%
MetLife Stadium New York
99%
Hard Rock Stadium Miami
97%
SoFi Stadium Los Angeles
96%
BMO Field Toronto
93%
AT&T Stadium Dallas
92%
Gilette Stadium Boston
91%
BC Place Vancouver
91%
NRG Stadium Houston
90%
Mercedes-Benz Stadium Atlanta
89%
Lumen Field Seattle
89%
Levi's Stadium San Francisco Bay Area
83%
Lincoln Financial Field Philadelphia
82%
Estadio Akron Guadalajara
80%
Estadio BBVA Monterrey
77%
Arrowhead Stadium Kansas City
73%
No matching quizzes found
Score Distribution
Percent of People with Each Score
Percentile by Number Answered
Your Score History
You have not taken this quiz